00611 2200229 4500001002100000005001700021008004100038035002400079040001200103082001000115090001500125245001900140250001800159260006100177300003200238650001500270850001200285990002100297990002100318990002100339990002100360YOGYA-0209000007139720090227093536.0 ind  0010-020900000071397 aYOPDYOG a618.1 a618.1bIlm aILMU kandungan aEd. 2, cet. 4 aJakartabYaysan Bina Pustaka Sarwono Prawirohardjoc2005 axxxvi, 716 hlmbilusc24 cm aGinekologi aYOPDYOG a35049-PD/A.08b1 a35050-PD/A.08b1 a35051-PD/A.08b1 a35052-PD/A.08b1